000 00962nam a22002657a 4500
005 20180803165506.0
008 130321s2011 ck ado r 000 0 spa d
020 _a9789587221442
041 0 _aspa
044 _ack
082 0 4 _a584.39
_bM38b
245 0 0 _aBiodiversidad y biotecnología en la evaluación de cultivares comerciales de heliconias
_cMarta Leonor Marulanda Ángel...[et al.]
260 _aPereira
_bUniversidad Tecnológica de Pereira
_c2011
300 _a123 p.
_bilustraciones, fotos a color, gráficas y tablas
_c24 cm.
504 _aIncluye referencias bibliográficas.
650 1 4 _aHeliconias
_992422
650 2 4 _aHeliconias
_xCultivo
_zColombia
_92247
650 2 4 _aDiversidad biológica
_9558
650 2 4 _aBiotecnología
_9460
700 1 _aMarulanda-Ángel, Marta Leonor
_92248
700 1 _aIsaza-Valencia, Liliana
_92249
700 1 _aDuque-Nivia, Andrés
_92250
700 1 _aLondoño-Giraldo, Lina
_92251
942 _2ddc
_cImpreso
999 _c7698
_d7698